Los Hospitales provinciales comarcales /
Descripción Física:
Il·lustracions
Colección:
San Jorge.
; núm. 9 (gener 1953), pàg 57-60
Materias:
Hospitals -- Barcelona (Província)
; Barcelona (Catalunya : Província) -- Política sanitària
Idioma:
Español
MARC
| LEADER | 00000naa a2200000 a 4500 | ||
|---|---|---|---|
| 003 | Arxiu | ||
| 005 | 20260324181044.0 | ||
| 008 | 160829s1953 spcaxx s spa c | ||
| 040 | |a agdb | ||
| 100 | 1 | |a Vilardaga Pujol, José Ma. |9 29685 |q (José Maria), |d 1886-1967 | |
| 245 | 1 | 4 | |a Los Hospitales provinciales comarcales / |c por José M.ª Vilardaga Pujol, diputado delegado en las Juntas Administrativas de los Hospitales Comarcales |
| 300 | |b Il·lustracions | ||
| 490 | |a San Jorge. |v núm. 9 (gener 1953), pàg 57-60 | ||
| 650 | 0 | |a Hospitals |9 54576 |z Barcelona (Província) | |
| 651 | 0 | |9 54745 |a Barcelona (Catalunya : Província) |x Política sanitària | |
| 773 | |g Núm. 9 (gener 1953), pàg 57-60 |t San Jorge. | ||
| 901 | |a Arxiu | ||
| 942 | |n 1 |2 udc |c ART | ||
| 952 | |0 0 |1 0 |4 0 |6 REV508 |7 1 |9 64330 |a Arxiu |b Arxiu |d 2022-11-23 |o Rev-508 |r 2022-11-23 00:00:00 |w 2022-11-23 |y ARXIU |z També disponible a Rev-522 | ||
| 999 | |c 50055 |d 50055 | ||